| 000 | 00632nam a22001577a 4500 | ||
|---|---|---|---|
| 003 | OSt | ||
| 005 | 20150910164722.0 | ||
| 008 | 150910b xxu||||| |||| 00| 0 eng d | ||
| 040 | _cRUA | ||
| 082 | _aAGR យិន 1995 BOO11 Or.1 | ||
| 100 |
_9275 _aយិន វីណា |
||
| 245 | _aសត្វល្អិតបំផ្លាញពោតក្រហម ដែលស្តុបតាមឃ្លាំង នានា នីទីក្តុងភ្នុំពេញ និងវិធានការការពារ កំចាត់ | ||
| 260 |
_aphnomphen _bRUA _c1995 |
||
| 300 |
_a70P. _bILL. _c29CM. |
||
| 942 |
_2ddc _cAGR |
||
| 999 |
_c256 _d256 |
||